000 00808nam a22002295a 4500
005 20161030135000.0
008 161030b at a frbd 000 0 eng d
020 _a9781133309321
040 _aEG-ScBUE
_beng
_cEG-ScBUE
_dEG-ScBUE
082 _222
_a320.02855369
_bLER
100 1 _aLe Roy, Michael K.
245 1 0 _aResearch methods in political science :
_ban introduction using MicroCase /
_cMichael K. Le Roy.
250 _a8th ed., International ed.
260 _a[Canberra] :
_bWadsworth / Cengage Learning,
_cc.2013.
300 _axviii, 300 p. :
_bill. ;
_c28 cm.
500 _aGlossary : p. 297-300.
504 _aIncludes bibliographical references.
650 7 _2BUEsh
_aMicroCase.
650 7 _2BUEsh
_aPolitical statistics
_xComputer programs.
653 _bBUSBOL
_cOctober2016
942 _2ddc
999 _c22917
_d22889